Procesos microbianos - tomo 1 /
Guardado en:
| Autor Principal: | |
|---|---|
| Formato: | Libro |
| Publicado: |
Río Cuarto :
Fundación Universidad Nacional de Río Cuarto,
1999
|
| Materias: | |
| Etiquetas: |
Agregar Etiqueta
Sin Etiquetas, Sea el primero en etiquetar este registro!
|
| LEADER | 00616nam a22001935a 4500 | ||
|---|---|---|---|
| 001 | CEM.cems016589 | ||
| 005 | 20091209154113.0 | ||
| 008 | 130507s1999##################000#0#####d | ||
| 003 | CEMS | ||
| 082 | 0 | 4 | |a 576 |
| 100 | 1 | |a Frioni, Lilian | |
| 245 | 1 | 0 | |a Procesos microbianos - tomo 1 / |c Lilian Frioni |
| 260 | |a Río Cuarto : |b Fundación Universidad Nacional de Río Cuarto, |c 1999 | ||
| 300 | |a 282 p. | ||
| 653 | |a Alimentos caseros-producciÓn | ||
| 653 | |a Microorganismos | ||
| 653 | |a EcologÍa microbiana | ||
| 653 | |a Alimentos caseros-conservaciÓn | ||
| 859 | |a CEMS |b BIB. CEMS - Agricultura |h 576 |i F916 |p A0291.00 |t Ej.1 |v I |3 I | ||
